[Event "Sheffield op"]
[Site "Sheffield"]
[Date "2024.04.13"]
[Round "6"]
[White "Sullivan, Daniel"]
[Black "McLean, Robert"]
[Result "0-1"]
[WhiteElo "1945"]
[BlackElo "1985"]
[PlyCount "92"]
[EventDate "2024.04.10"]
[EventType "swiss"]
[EventRounds "9"]
[EventCountry "ENG"]
[SourceTitle "CB16_2024"]
[SourceDate "2024.04.17"]
[SourceVersion "1"]
[SourceVersionDate "2024.04.17"]
[SourceQuality "1"]

1. d4 e6 2. c4 Nf6 3. Nc3 Bb4 4. e3 0-0 5. Nge2 d5 6. a3 Be7 7. cxd5 exd5 8. Nf4 Re8 9. Bd3 c6 10. 0-0 Nbd7 11. f3 Nf8 12. b4 Ng6 13. Nfe2 a5 14. Rb1 axb4 15. axb4 b6 16. Qc2 Bd6 17. e4 dxe4 18. Nxe4 Bb7 19. Nxd6 Qxd6 20. Bd2 Ba6 21. Rfe1 Bxd3 22. Qxd3 b5 23. Ng3 Nf4 24. Bxf4 Qxf4 25. Ne4 Nd5 26. g3 Qc7 27. Rec1 Qb6 28. Re1 h6 29. Re2 Qa7 30. Rbe1 Red8 31. Rb1 Qa3 32. Qb3 Qxb3 33. Rxb3 Ra4 34. Reb2 Nb6 35. Rd2 Nc4 36. Rd1 Ra2 37. Nc3 Rd2 38. Re1 R8xd4 39. Re8+ Kh7 40. Ne4 Rc2 41. Rb1 Nd2 42. Nxd2 Rdxd2 43. f4 Rg2+ 44. Kh1 Rxh2+ 45. Kg1 Rhg2+ 46. Kh1 Rxg3 0-1

[Event "Sheffield op"]
[Site "Sheffield"]
[Date "2024.04.11"]
[Round "3"]
[White "Sullivan, Daniel"]
[Black "Arkell, Keith C"]
[Result "0-1"]
[WhiteElo "1945"]
[BlackElo "2362"]
[PlyCount "150"]
[EventDate "2024.04.10"]
[EventType "swiss"]
[EventRounds "9"]
[EventCountry "ENG"]
[SourceTitle "CB16_2024"]
[SourceDate "2024.04.17"]
[SourceVersion "1"]
[SourceVersionDate "2024.04.17"]
[SourceQuality "1"]

1. c4 c5 2. Nc3 g6 3. g3 Bg7 4. Bg2 Nc6 5. Nf3 Nd4 6. 0-0 Nxf3+ 7. Bxf3 d6 8. d3 Nf6 9. Bd2 0-0 10. a3 Bh3 11. Re1 Rb8 12. b4 b6 13. b5 e6 14. e4 Nd7 15. Bg2 Bxg2 16. Kxg2 Re8 17. Rc1 Qc7 18. f4 f5 19. h3 Nf6 20. Qf3 Rbd8 21. a4 Qf7 22. Re2 Nh5 23. Rce1 Bd4 24. g4 fxg4 25. hxg4 Nxf4+ 26. Bxf4 Bxc3 27. Rf1 Rf8 28. Bh6 Qxf3+ 29. Rxf3 Rxf3 30. Kxf3 Rd7 31. Bg5 Rf7+ 32. Kg2 Kg7 33. Rc2 Bf6 34. Bf4 Be5 35. Be3 a6 36. Rf2 Ra7 37. g5 axb5 38. axb5 Ra3 39. Rd2 Bd4 40. Bxd4+ cxd4 41. e5 dxe5 42. Kf3 Ra1 43. Re2 Rf1+ 44. Ke4 Rf5 45. c5 Rf4+ 46. Kxe5 Rf5+ 47. Kxd4 Rd5+ 48. Kc4 Rxc5+ 49. Kb4 e5 50. Rh2 Rd5 51. Rc2 Rd4+ 52. Kc3 h6 53. gxh6+ Kxh6 54. Re2 Rd5 55. Kc4 Rc5+ 56. Kb4 Kg5 57. Rg2+ Kf6 58. Rf2+ Kg7 59. Rg2 Rd5 60. Rg3 Rd6 61. Kc4 Kf6 62. Rf3+ Ke7 63. Rg3 Rd4+ 64. Kc3 Kf6 65. Rh3 Kf5 66. Rh8 Rd6 67. Rf8+ Rf6 68. Rg8 g5 69. Kd2 g4 70. Ke3 Rg6 71. Rf8+ Ke6 72. Re8+ Kd7 73. Rh8 g3 74. Rh1 g2 75. Rg1 Kd6 0-1

[Event "Daventry 4NCL Easter op-A 2nd"]
[Site "Daventry"]
[Date "2022.04.18"]
[Round "7"]
[White "Shenbagakumar, Gautham"]
[Black "Sullivan, Daniel"]
[Result "1-0"]
[WhiteElo "1678"]
[BlackElo "1974"]
[PlyCount "81"]
[EventDate "2022.04.15"]
[EventType "swiss"]
[EventRounds "7"]
[EventCountry "ENG"]
[SourceTitle "CBM 207 Extra"]
[Source "ChessBase"]
[SourceDate "2022.05.31"]
[SourceVersion "1"]
[SourceVersionDate "2022.05.31"]
[SourceQuality "1"]

1. e4 c5 2. Nf3 Nc6 3. d4 cxd4 4. Nxd4 e6 5. Nc3 Qc7 6. Be3 a6 7. Be2 Nf6 8. 0-0 Bb4 9. Bf3 Ne5 10. Nde2 Nxf3+ 11. gxf3 Be7 12. a3 0-0 13. Ng3 b5 14. Qe2 Bb7 15. Rad1 Rac8 16. Bd4 d6 17. Rd2 Rfd8 18. Rfd1 Nd7 19. f4 Nb6 20. Bxb6 Qxb6 21. Qe3 Qc6 22. f5 Bf6 23. Nce2 d5 24. Nd4 Qd6 25. f4 e5 26. fxe5 Bxe5 27. Nde2 Qc5 28. Qxc5 Rxc5 29. b4 Rc7 30. Nh5 Rcd7 31. Nhf4 d4 32. Nd3 Bf6 33. Nc5 Rc7 34. Nxd4 Re8 35. Ne2 g5 36. Ng3 Be5 37. Nh5 Bc8 38. Rd8 Kf8 39. f6 Bxf6 40. Rxe8+ Kxe8 41. Nxf6+ 1-0

[Event "Daventry 4NCL Easter op-A 2nd"]
[Site "Daventry"]
[Date "2022.04.15"]
[Round "1"]
[White "Han, Yichen"]
[Black "Sullivan, Daniel"]
[Result "1/2-1/2"]
[WhiteElo "2303"]
[BlackElo "1974"]
[PlyCount "93"]
[EventDate "2022.04.15"]
[EventType "swiss"]
[EventRounds "7"]
[EventCountry "ENG"]
[SourceTitle "CBM 207 Extra"]
[Source "ChessBase"]
[SourceDate "2022.05.31"]
[SourceVersion "1"]
[SourceVersionDate "2022.05.31"]
[SourceQuality "1"]

1. e4 c5 2. Nf3 Nc6 3. d4 cxd4 4. Nxd4 Nf6 5. Nc3 e5 6. Ndb5 d6 7. Bg5 a6 8. Na3 b5 9. Bxf6 gxf6 10. Nd5 f5 11. c3 Bg7 12. exf5 Bxf5 13. Nc2 0-0 14. Nce3 Be6 15. Bd3 f5 16. 0-0 Kh8 17. Qh5 e4 18. Bc2 Ne7 19. Rad1 Bf7 20. Qh3 Nxd5 21. Nxd5 Qg5 22. Qe3 Qh4 23. g3 Qh3 24. Nf4 Qh6 25. Ng2 Qf6 26. f4 d5 27. Bb3 Rad8 28. Qc5 d4 29. Bxf7 Rxf7 30. cxd4 Qxd4+ 31. Qxd4 Bxd4+ 32. Kh1 Rfd7 33. Nh4 Rd5 34. b3 Bf6 35. Rxd5 Rxd5 36. Ng2 Rd3 37. Rc1 Bc3 38. Kg1 Kg7 39. Kf1 b4 40. Rc2 Kf6 41. Ke2 Ke6 42. Ne3 h5 43. Ng2 Kd5 44. Ne3+ Ke6 45. Ng2 Kd5 46. Ne3+ Ke6 47. Ng2 1/2-1/2

[Event "ENG County-ch"]
[Site "Warwick"]
[Date "2017.07.01"]
[Round "1.16"]
[White "Newton, Robert"]
[Black "Sullivan, Daniel"]
[Result "1-0"]
[WhiteElo "1954"]
[BlackElo "1962"]
[PlyCount "92"]
[EventDate "2017.07.01"]
[EventType "team-match"]
[EventRounds "1"]
[EventCountry "ENG"]
[SourceTitle "CBM 179 Extra"]
[Source "ChessBase"]
[SourceDate "2017.08.23"]
[SourceVersion "1"]
[SourceVersionDate "2017.08.23"]
[SourceQuality "1"]
[WhiteTeam "Lancashire"]
[BlackTeam "Yorkshire"]
[WhiteTeamCountry "ENG"]
[BlackTeamCountry "ENG"]

1. d4 Nf6 2. c4 e6 3. Nc3 Bb4 4. Qc2 d5 5. e3 0-0 6. Nf3 b6 7. Bd2 Bb7 8. cxd5 exd5 9. Bd3 a6 10. h4 c5 11. a3 Bxc3 12. bxc3 c4 13. Bf5 Bc8 14. Rh3 Bxf5 15. Qxf5 Qd7 16. Qc2 Nc6 17. Rb1 b5 18. Rg3 Ne4 19. Ng5 Qf5 20. Nxe4 Qxe4 21. Qxe4 dxe4 22. f3 f5 23. Ke2 g6 24. h5 Kg7 25. Rh1 Rh8 26. fxe4 fxe4 27. h6+ Kf6 28. Rg4 Rae8 29. Rf1+ Ke6 30. Rxe4+ Kd5 31. Rxe8 Rxe8 32. Rf7 Re7 33. Rxe7 Nxe7 34. Kf3 a5 35. e4+ Ke6 36. g4 Nc8 37. Kf4 Nd6 38. d5+ Ke7 39. e5 Nb7 40. Be3 Kf7 41. Ke4 Ke7 42. Kd4 Kd7 43. Bc1 a4 44. Bg5 Kc7 45. Be7 Kd7 46. Bb4 Ke8 1-0

[Event "Crawley e2e4 Gatwick Whitsun op"]
[Site "Crawley"]
[Date "2016.05.29"]
[Round "5"]
[White "Page, Roy D"]
[Black "Sullivan, Daniel"]
[Result "1-0"]
[WhiteElo "1914"]
[BlackElo "1965"]
[PlyCount "45"]
[EventDate "2016.05.27"]
[EventType "swiss"]
[EventRounds "7"]
[EventCountry "ENG"]
[SourceTitle "CBM 172 Extra"]
[Source "ChessBase"]
[SourceDate "2016.06.21"]
[SourceVersion "1"]
[SourceVersionDate "2016.06.21"]
[SourceQuality "1"]

1. d4 Nf6 2. c4 e6 3. Nc3 Bb4 4. e3 b6 5. Bd3 Bb7 6. Nf3 0-0 7. 0-0 d5 8. a3 Bd6 9. Qe2 c5 10. b3 Nc6 11. cxd5 exd5 12. Bb2 Qe7 13. Rfe1 Rad8 14. Bc2 Rfe8 15. Qd3 c4 16. bxc4 Ba6 17. Nb5 Na5 18. cxd5 Qd7 19. a4 Nxd5 20. Qxh7+ Kf8 21. Nxd6 Qxd6 22. Ba3 Nb4 23. Rab1 1-0

[Event "Crawley e2e4 Gatwick Whitsun op"]
[Site "Crawley"]
[Date "2016.05.29"]
[Round "4"]
[White "Sullivan, Daniel"]
[Black "Prior, Stephen"]
[Result "1/2-1/2"]
[WhiteElo "1965"]
[BlackElo "1917"]
[PlyCount "51"]
[EventDate "2016.05.27"]
[EventType "swiss"]
[EventRounds "7"]
[EventCountry "ENG"]
[SourceTitle "CBM 172 Extra"]
[Source "ChessBase"]
[SourceDate "2016.06.21"]
[SourceVersion "1"]
[SourceVersionDate "2016.06.21"]
[SourceQuality "1"]

1. d4 d5 2. c4 c6 3. Nf3 Nf6 4. Nc3 e6 5. Bg5 Be7 6. e3 Nbd7 7. Rc1 0-0 8. Bd3 dxc4 9. Bxc4 Nd5 10. Bxe7 Qxe7 11. 0-0 N5b6 12. Bd3 e5 13. Qc2 h6 14. Rfd1 exd4 15. Nxd4 Ne5 16. Be2 Rd8 17. h3 Be6 18. Nxe6 Qxe6 19. b3 Nbd7 20. Rd4 Nf6 21. Rcd1 Rxd4 22. Rxd4 Re8 23. Qd2 Qe7 24. Kh1 Ned7 25. Bf3 Ne5 26. Be2 1/2-1/2

[Event "BCF-chT2b 1314 (4NCL)"]
[Site "England"]
[Date "2014.02.15"]
[Round "5.85"]
[White "Besedin, Pavel"]
[Black "Sullivan, Daniel"]
[Result "1/2-1/2"]
[WhiteElo "2121"]
[BlackElo "1976"]
[PlyCount "40"]
[EventDate "2013.11.16"]
[EventType "team-swiss"]
[EventRounds "11"]
[EventCountry "ENG"]
[SourceTitle "EXT 2015"]
[Source "ChessBase"]
[SourceDate "2014.11.20"]
[SourceVersion "1"]
[SourceVersionDate "2014.11.20"]
[SourceQuality "1"]
[WhiteTeam "The ADS"]
[BlackTeam "Bradford DCA Knights"]
[WhiteTeamCountry "ENG"]
[BlackTeamCountry "ENG"]

1. e4 e5 2. Nf3 Nc6 3. Bb5 Nf6 4. 0-0 Bc5 5. c3 0-0 6. d3 d6 7. Bg5 h6 8. Bh4 a6 9. Ba4 Ba7 10. Nbd2 Ne7 11. Re1 g5 12. Bg3 Ng6 13. d4 exd4 14. Nxd4 h5 15. e5 dxe5 16. Bxe5 Nxe5 17. Rxe5 Ng4 18. Re4 Nf6 19. Re5 Ng4 20. Re4 Nf6 1/2-1/2

[Event "Buxton e2e4 op-A 03"]
[Site "Buxton"]
[Date "2013.03.16"]
[Round "2"]
[White "Sullivan, Daniel"]
[Black "Doran, Chris"]
[Result "1-0"]
[WhiteElo "2110"]
[BlackElo "1971"]
[PlyCount "43"]
[EventDate "2013.03.15"]
[EventType "swiss"]
[EventRounds "5"]
[EventCountry "ENG"]
[SourceTitle "EXT 2014"]
[Source "ChessBase"]
[SourceDate "2013.11.20"]
[SourceVersion "1"]
[SourceVersionDate "2013.11.20"]
[SourceQuality "1"]

1. c4 Nf6 2. g3 g6 3. Bg2 Bg7 4. Nc3 0-0 5. e4 d6 6. Nge2 e5 7. 0-0 c6 8. d3 Nh5 9. d4 a5 10. Be3 Na6 11. h3 Qe7 12. g4 Nf6 13. f4 exd4 14. Bxd4 Nc5 15. Ng3 Nfd7 16. Bxg7 Kxg7 17. Qd4+ Qf6 18. Rad1 Nb6 19. e5 dxe5 20. Qxc5 Nd7 21. Qe3 exf4 22. Rxf4 1-0

[Event "BCF-chT4 0304 (4NCL)"]
[Site "West Bromwich "]
[Date "2004.06.20"]
[Round "11.5"]
[White "Richardson, Joe M"]
[Black "Sullivan, Daniel"]
[Result "1-0"]
[WhiteElo "1536"]
[BlackElo "1656"]
[PlyCount "65"]
[EventDate "2003.10.??"]
[EventType "team"]
[EventRounds "11"]
[EventCountry "ENG"]
[SourceTitle "EXT 2005"]
[Source "ChessBase"]
[SourceDate "2004.11.15"]
[SourceVersion "1"]
[SourceVersionDate "2004.11.15"]
[SourceQuality "1"]
[WhiteTeam "Sussex Mindsports"]
[BlackTeam "Cheddleton"]
[WhiteTeamCountry "ENG"]
[BlackTeamCountry "ENG"]

1. e4 c5 2. c3 d5 3. exd5 Qxd5 4. d4 Nf6 5. dxc5 Qxc5 6. Be3 Qc7 7. Nf3 e6 8. Bd3 b6 9. Nbd2 Bb7 10. Bd4 Nbd7 11. Bb5 a6 12. Bxf6 gxf6 13. Ba4 b5 14. Bc2 f5 15. Qe2 Be7 16. 0-0-0 Qa5 17. Bb1 Nc5 18. Rhe1 Bd5 19. Nd4 Bxa2 20. Bxf5 Bd5 21. Nb1 Bg5+ 22. Rd2 Qa1 23. Qe5 Bxd2+ 24. Kxd2 Qxb2+ 25. Ke3 Kd7 26. Qxd5+ Ke7 27. Qxc5+ Kf6 28. Bd3 Rac8 29. Qh5 Rhg8 30. Kf3 Rxc3 31. Nxc3 Qxc3 32. Qe5+ Ke7 33. Nf5+ 1-0